LIBRARY & INFORMATION CENTRE, KCAET, TAVANUR

ONLINE PUBLIC ACCESS CATALOGUE (OPAC)

Study on the performance of drip emtters (Record no. 15031)

MARC details
000 -LEADER
fixed length control field 00613nam a22001817a 4500
003 - CONTROL NUMBER IDENTIFIER
control field OSt
088 ## - REPORT NUMBER
Report number P 40
100 ## - MAIN ENTRY--AUTHOR NAME
Personal name JOSNI P
-- ROSHNI P. SEBASTIAN
-- SUSMITHA R. NAIR
245 ## - TITLE STATEMENT
Title Study on the performance of drip emtters
260 ## - PUBLICATION, DISTRIBUTION, ETC. (IMPRINT)
Place of publication Tavanur 1994
Name of publisher Department of Irrigation and Drainage Engineering
300 ## - PHYSICAL DESCRIPTION
Number of Pages 90
500 ## - GENERAL NOTE
General note Study on the performance of drip emtters
520 ## - SUMMARY, ETC.
Summary, etc Study on the performance of drip emtters
700 ## - ADDED ENTRY--PERSONAL NAME
Personal name Er. E. K Kurien (Guide)
856 ## - ELECTRONIC LOCATION AND ACCESS
Uniform Resource Identifier https://drive.google.com/open?id=1PBuojJCoGXdpD_sxp2xmgSD3OHIelsAC
942 ## - ADDED ENTRY ELEMENTS (KOHA)
Koha item type Project Report
Holdings
Collection code Home library Current library Shelving location Full call number Accession Number Koha item type
Reference KAUAET KAUAET Reference 631.587 JOS/ST P 40 Project Report
free website counter